000 00786nam a22002537a 4500
001 91609
003 UA-OsUOA
005 20220622120754.0
007 ta
008 20121203b un ||||| |||| 00| 0 ukr d
040 _aUA-OsUOA
_bukr
_cUA-OsUOA
_dUA-OsUOA
041 _aukr
080 _a821.161.2
090 _a821.161.2
_bС79
100 _aСтефаник В.
245 _aПовне зібрання творів в трьох томах
260 _aК.
_bАкадемія наук Української РСР
_c1954
300 _a324 с.
505 _gт. 3
_tЛисти
650 7 _a82 Література. Літературознавство
_2UDC
942 _cBK
_2udc
955 _a3
999 _c377845
_d377845